005280000a22001570004500060000800000082001600008100002200024245003100046260004500077260000900122300000800131650009100139942000700230999001900237952011400256 a100 a581.012 VAS aVasudevan, Nair R aSasyavargeekaranatatwangal aTrivandrum, State institute of languages c1971 a294 aMalayalam books- Plant taxonomy principles/ Plant taxonomy principles- Malayalam books cBK c359552d359552 00104070aKAUCOAVbKAUCOAVd2014-05-02l0o581.012 VASpKAU_COAV-15115r2014-05-02 00:00:00w2014-05-02yBK